Statistiques concernant Meilleurs buteurs de la Coupe du Monde 2018

Cliquez ici pour prendre le quiz!

Statistiques générales

  • Ce quiz a été pris 409 fois
  • Le résultat moyen est 10 sur 13

Statistiques - réponses

Sélection nationaleJoueurButs inscrits% Correct
FranceKylian M'bappe Lottin4
99%
FranceAntoine Griezmann4
98%
PortugalCristiano Ronaldo4
98%
AngleterreHarry Kane6
97%
BelgiqueRomelu Lukaku4
94%
UruguayEdinson Cavani3
92%
BelgiqueEden Hazard3
91%
CroatieMario Mandzukic3
80%
CroatieIvan Perisic3
75%
EspagneDiego Costa3
60%
RussieDenis Cheryshev4
41%
RussieArtem Dzyuba3
35%
ColombieYerry Mina3
35%

Distribution des résultats

Percentile par nombre de réponses

% des personnes avec chaque résultat

Votre développement - résultats

Vous n’avez pas pris ce quiz